El arte de la prudencia / (Registro nro. 7170)

Detalles MARC
000 -LIDER
fixed length control field 00741nam a2200253 a 4500
001 - NÚMERO DE CONTROL
Identificador de número de control 000011361
003 - IDENTIFICACDOR DE NÚMERO DE CONTROL
control field 000011361
005 - DATE AND TIME OF LATEST TRANSACTION
control field 20220323104428.0
008 - ELEMENTOS DE LONGITUD FIJA
fixed length control field 091016s1996 dr 001 0 spa d
040 ## - FUENTE DE CATALOGACIÓN
Agencia que crea de manera original el registro BPMSU
Idioma de catalogación spa
Agencia que realiza la transcripción BPMSU
049 ## - LOCAL HOLDINGS (OCLC)
Holding library BNPD
092 ## - LOCALLY ASSIGNED DEWEY DECIMAL CALL NUMBER
Número de clasificación 170
Número de ítem (Cutter) G731a
100 1# - ASIENTO PRINCIPAL -- NOMBRE PERSONAL
Nombre personal Gracián, Baltasar,
Fechas asociadas con el nombre 1601-1658
245 13 - MENCIÓN DE TITULO
Título El arte de la prudencia /
Mención de responsabilidad Baltasar Gracián
260 ## - PUBLICACIÓN, DISTRIBUCIÓN, ETC. (PIE DE IMPRENTA)
Lugar de publicación, distribución, etc Santo Domingo :
Nombre del editor, distribuidor, etc. Editora de Santo Domingo,
Fecha de publicación, distribución, etc 1996.
300 ## - DESCRIPCIÓN FÍSICA
Extensión 118 p. ;
Dimensiones 21 cm.
650 #4 - ENCABEZAMIENTO DE MATERIA--TEMÁTICO
Término temático o nombre geográfico como elemento de entrada PRUDENCIA
650 #4 - ENCABEZAMIENTO DE MATERIA--TEMÁTICO
Término temático o nombre geográfico como elemento de entrada ÉTICA
Subdivisión temática general CITAS, MÁXIMAS, ETC.
650 #4 - ENCABEZAMIENTO DE MATERIA--TEMÁTICO
Término temático o nombre geográfico como elemento de entrada CONDUCTA (ÉTICA)
Subdivisión temática general CITAS, MÁXIMAS, ETC.
650 #4 - ENCABEZAMIENTO DE MATERIA--TEMÁTICO
Término temático o nombre geográfico como elemento de entrada AFORISMOS Y APOTEGMA
942 ## - ADDED ENTRY ELEMENTS (KOHA)
Source of classification or shelving scheme Dewey Decimal Classification
Koha item type Libros
945 ## - INFORMACIÓN DE PROCESAMIENTO LOCAL
Información de procesamiento local Inventariado, 2017/MFF
956 ## - LOCAL ELECTRONIC LOCATION AND ACCESS (OCLC)
Nombre de host Yngrid Lockward
Número de acceso 10
Inicio de sesión BND01
Existencias
Withdrawn status Lost status Source of classification or shelving scheme Damaged status Not for loan Collection code Home library Current library Date acquired Total Checkouts Full call number Barcode Date last seen Price effective from Koha item type
    Dewey Decimal Classification     Colección Dominicana Biblioteca Pública Metropolitana Salomé Ureña Biblioteca Pública Metropolitana Salomé Ureña 07/16/2014   170 G731a BPMSU15040594 07/16/2014 07/16/2014 Libros